[Event "RUS-ch U20 Girls"]
[Site "Ekaterinburg"]
[Date "2024.04.14"]
[Round "8"]
[White "Zhapova, Yana"]
[Black "Zhurova, Anna"]
[Result "1/2-1/2"]
[WhiteElo "2234"]
[BlackElo "2203"]
[PlyCount "81"]
[EventDate "2024.04.07"]
[EventType "tourn"]
[EventRounds "9"]
[EventCountry "RUS"]
[SourceTitle "CB16_2024"]
[SourceDate "2024.04.17"]
[SourceVersion "1"]
[SourceVersionDate "2024.04.17"]
[SourceQuality "1"]

1. e4 e6 2. d4 d5 3. e5 c5 4. c3 Qa5 5. dxc5 Qc7 6. Nf3 Nc6 7. Bb5 Bxc5 8. Qe2 Nge7 9. b4 Bb6 10. 0-0 0-0 11. Bd3 Ng6 12. Re1 Bd7 13. a4 a6 14. h4 f5 15. h5 Nh8 16. h6 Be8 17. Ng5 Qe7 18. hxg7 Kxg7 19. c4 Nd4 20. Qb2 dxc4 21. Bxc4 h6 22. Nh3 Rc8 23. Na3 Kh7 24. Be3 Qh4 25. Bxe6 Nxe6 26. Bxb6 Rg8 27. Re3 f4 28. Rc3 Bc6 29. Qc2+ Rg6 30. f3 Rcg8 31. Kf1 Nf7 32. Qf5 Qe7 33. b5 Bd7 34. Rd1 Nf8 35. e6 Bxe6 36. Qe4 Qf6 37. Bd4 Qh4 38. Bf2 Qf6 39. Bd4 Qh4 40. Bf2 Qf6 41. Bd4 1/2-1/2

[Event "RUS-ch U20 Girls"]
[Site "Ekaterinburg"]
[Date "2024.04.07"]
[Round "1"]
[White "Zhapova, Yana"]
[Black "Nur Mukhametova, Alisa"]
[Result "1/2-1/2"]
[WhiteElo "2234"]
[BlackElo "2156"]
[PlyCount "76"]
[EventDate "2024.04.07"]
[EventType "tourn"]
[EventRounds "9"]
[EventCountry "RUS"]
[SourceTitle "CB16_2024"]
[SourceDate "2024.04.17"]
[SourceVersion "1"]
[SourceVersionDate "2024.04.17"]
[SourceQuality "1"]

1. e4 c5 2. Nf3 d6 3. d4 cxd4 4. Nxd4 Nf6 5. Nc3 a6 6. h3 e6 7. g4 Be7 8. g5 Nfd7 9. Bg2 Nc6 10. Be3 Nde5 11. f4 Nc4 12. Bc1 Qb6 13. Nxc6 Qxc6 14. Qd3 b5 15. b3 Nb6 16. Bb2 0-0 17. 0-0-0 Re8 18. Ne2 e5 19. Qg3 Qc5 20. h4 Bb7 21. f5 Rac8 22. Rd2 Bf8 23. h5 d5 24. exd5 Bxd5 25. h6 g6 26. fxg6 fxg6 27. Nc3 e4 28. Rhd1 Bd6 29. Qg4 Be5 30. Nxd5 Nxd5 31. Bxe4 Bxb2+ 32. Kxb2 Ne3 33. Bd5+ Nxd5 34. Rxd5 Qxc2+ 35. Ka1 Qc3+ 36. Kb1 Qc2+ 37. Ka1 Qc3+ 38. Kb1 Qc2+ 1/2-1/2

[Event "Tashkent (Women) 2nd"]
[Site "Tashkent"]
[Date "2024.03.11"]
[Round "8"]
[White "Zhapova, Yana"]
[Black "Yakubbaeva, Nilufar"]
[Result "1/2-1/2"]
[WhiteElo "2201"]
[BlackElo "2307"]
[PlyCount "49"]
[EventDate "2024.03.06"]
[EventType "swiss"]
[EventRounds "9"]
[EventCountry "UZB"]
[SourceTitle "CB12_2024"]
[SourceDate "2023.10.01"]
[SourceVersion "1"]
[SourceVersionDate "2023.10.01"]
[SourceQuality "1"]

1. e4 e5 2. Nf3 Nc6 3. Bb5 Nf6 4. 0-0 Nxe4 5. Re1 Nd6 6. Nxe5 Nxe5 7. Rxe5+ Be7 8. Bf1 0-0 9. d4 Bf6 10. Re1 Nf5 11. d5 Re8 12. Nd2 Rxe1 13. Qxe1 d6 14. c3 c6 15. Ne4 Be7 16. Qd1 cxd5 17. Qxd5 h6 18. Bf4 Qb6 19. Qd2 Be6 20. Ng3 Nh4 21. Re1 Qc6 22. Ne2 Nf5 23. Nd4 Nxd4 24. Qxd4 Bf6 25. Qxd6 1/2-1/2

[Event "Tashkent (Women) 2nd"]
[Site "Tashkent"]
[Date "2024.03.07"]
[Round "3"]
[White "Zhapova, Yana"]
[Black "Khabibullaeva, Mokhinur"]
[Result "1-0"]
[WhiteElo "2201"]
[BlackElo "1726"]
[PlyCount "77"]
[EventDate "2024.03.06"]
[EventType "swiss"]
[EventRounds "9"]
[EventCountry "UZB"]
[SourceTitle "CB12_2024"]
[SourceDate "2023.10.01"]
[SourceVersion "1"]
[SourceVersionDate "2023.10.01"]
[SourceQuality "1"]

1. e4 e6 2. d4 d5 3. e5 c5 4. c3 Qb6 5. Nf3 Nc6 6. a3 Bd7 7. b4 cxb4 8. cxb4 Rc8 9. Bb2 Nh6 10. Nc3 Na5 11. Na4 Qc6 12. Nc5 Nc4 13. Bc1 b6 14. Nxd7 Qxd7 15. Bd3 Nf5 16. h4 Ne7 17. h5 h6 18. 0-0 a5 19. bxa5 bxa5 20. Bc2 Nc6 21. Ba4 Be7 22. Qd3 Nb6 23. Bc2 Na7 24. Rb1 Qc6 25. Ne1 Qc4 26. Qg3 Na4 27. Bxa4+ Qxa4 28. Qxg7 Rf8 29. Nf3 Nb5 30. Bxh6 Kd7 31. Bg5 Bxg5 32. Qxg5 Rc3 33. Qg7 Rcc8 34. Rfc1 Rxc1+ 35. Rxc1 Ke7 36. Rb1 Rc8 37. Ng5 Rf8 38. h6 Qc2 39. Qf6+ 1-0

[Event "RUS Cup final (Women)"]
[Site "Khanty-Mansiysk"]
[Date "2023.12.10"]
[Round "3.4"]
[White "Kovanova, Baira"]
[Black "Zhapova, Yana"]
[Result "1-0"]
[WhiteElo "2337"]
[BlackElo "2116"]
[PlyCount "163"]
[EventDate "2023.12.05"]
[EventType "k.o."]
[EventRounds "3"]
[EventCountry "RUS"]
[SourceTitle "CB50_2023"]
[SourceDate "2023.12.13"]
[SourceVersion "1"]
[SourceVersionDate "2023.12.13"]
[SourceQuality "1"]

1. e4 e5 2. Nf3 Nc6 3. Bb5 a6 4. Ba4 Bc5 5. c3 Nge7 6. 0-0 Ng6 7. d4 Ba7 8. Be3 0-0 9. Nbd2 d6 10. h3 exd4 11. cxd4 Nce7 12. Bc2 h6 13. Nb3 f5 14. exf5 Bxf5 15. Rc1 Qd7 16. Kh2 Kh8 17. d5 Bxc2 18. Qxc2 c6 19. Bxa7 Rxa7 20. dxc6 bxc6 21. Nbd2 Raa8 22. Rfe1 Rac8 23. Qa4 Qa7 24. Kg1 Nf4 25. Rc3 c5 26. Ra3 Ra8 27. Ne4 Nf5 28. g3 Ng6 29. Qd1 Rad8 30. Nfg5 Nd4 31. Qh5 Ne5 32. Nxd6 Rxd6 33. Rxe5 Kg8 34. Ne4 Nb5 35. Nxd6 Nxd6 36. Re2 Qa8 37. Rae3 Kh7 38. Qxc5 Nf5 39. Re4 Qd8 40. Qc2 Kh8 41. Qc6 Nd4 42. Rxd4 Qxd4 43. Qc2 Qd5 44. b3 Rd8 45. Qe4 Qd1+ 46. Kg2 Rf8 47. h4 Rc8 48. Qf3 Qd7 49. Re4 Qd2 50. Re2 Qd6 51. a4 Qb4 52. Kh2 a5 53. Qf7 Rf8 54. Re8 Rxe8 55. Qxe8+ Kh7 56. Qe3 Kg8 57. Qe6+ Kh7 58. Qd5 Qc3 59. Kg2 Kh8 60. g4 Kh7 61. Qc4 Qd2 62. Qe4+ Kg8 63. Qe8+ Kh7 64. Qe4+ Kg8 65. Qe5 Qb4 66. Qe6+ Kh7 67. g5 hxg5 68. hxg5 Qf4 69. Qd5 Qg4+ 70. Kf1 Qh3+ 71. Ke2 Qg4+ 72. f3 Qg2+ 73. Kd3 Qf1+ 74. Kd4 Qc1 75. Qf5+ Kg8 76. g6 Qd2+ 77. Kc5 Qb4+ 78. Kc6 Qc3+ 79. Kd6 Qb4+ 80. Qc5 Qf4+ 81. Qe5 Qb4+ 82. Kc6 1-0

[Event "RUS Cup final (Women)"]
[Site "Khanty-Mansiysk"]
[Date "2023.12.10"]
[Round "3.3"]
[White "Zhapova, Yana"]
[Black "Kovanova, Baira"]
[Result "1-0"]
[WhiteElo "2116"]
[BlackElo "2337"]
[PlyCount "91"]
[EventDate "2023.12.05"]
[EventType "k.o."]
[EventRounds "3"]
[EventCountry "RUS"]
[SourceTitle "CB50_2023"]
[SourceDate "2023.12.13"]
[SourceVersion "1"]
[SourceVersionDate "2023.12.13"]
[SourceQuality "1"]

1. e4 e5 2. Nf3 Nc6 3. Bc4 Bc5 4. d3 Nf6 5. 0-0 d6 6. c3 a6 7. a4 h6 8. Re1 Ba7 9. Nbd2 0-0 10. h3 Be6 11. Bxe6 fxe6 12. b4 Ne7 13. Nf1 Ng6 14. N1h2 Nh5 15. d4 Nhf4 16. Be3 exd4 17. cxd4 Qe7 18. Qd2 e5 19. Rad1 exd4 20. Bxd4 Bxd4 21. Qxd4 Kh8 22. Re3 Rad8 23. Qc3 Ne5 24. Nd4 c5 25. Ndf3 Rc8 26. bxc5 Rxc5 27. Qb3 Rfc8 28. Nd4 Qg5 29. Rg3 Qh5 30. Nhf3 b5 31. axb5 axb5 32. Kh2 Nc4 33. Nf5 R8c7 34. Nxd6 Ne2 35. Rg4 Ne5 36. Nxe5 Qxe5+ 37. f4 Nxf4 38. Nf7+ Rxf7 39. Qxf7 Ne6+ 40. Kh1 b4 41. Rg6 Nd4 42. Rf1 Ne2 43. Rxh6+ gxh6 44. Qf8+ Kh7 45. Rf7+ Kg6 46. Qg8+ 1-0

[Event "RUS Cup final (Women)"]
[Site "Khanty-Mansiysk"]
[Date "2023.12.09"]
[Round "3.1"]
[White "Zhapova, Yana"]
[Black "Kovanova, Baira"]
[Result "1-0"]
[WhiteElo "2116"]
[BlackElo "2337"]
[PlyCount "119"]
[EventDate "2023.12.05"]
[EventType "k.o."]
[EventRounds "3"]
[EventCountry "RUS"]
[SourceTitle "CB50_2023"]
[SourceDate "2023.12.13"]
[SourceVersion "1"]
[SourceVersionDate "2023.12.13"]
[SourceQuality "1"]

1. e4 e5 2. Nf3 Nc6 3. Bc4 Bc5 4. d3 Nf6 5. 0-0 d6 6. c3 a6 7. a4 h6 8. Re1 Ba7 9. Nbd2 0-0 10. h3 Be6 11. Bxe6 fxe6 12. Nf1 Ne7 13. b4 Ng6 14. Ra2 Nh5 15. g3 Qd7 16. Kg2 Nf6 17. N1h2 Rad8 18. Qb3 Kh8 19. c4 Rde8 20. Rae2 Rf7 21. Bb2 Ref8 22. Rd1 Nh5 23. Bc1 Rf6 24. d4 exd4 25. Nxd4 e5 26. Nf5 Ne7 27. g4 Nf4+ 28. Bxf4 exf4 29. Nf3 Qe8 30. Nxe7 Qxe7 31. e5 Re6 32. exd6 cxd6 33. Rxe6 Qxe6 34. Qd3 Rc8 35. Re1 Qf6 36. Re2 Qf7 37. Re4 Qf6 38. Qd2 Rf8 39. Qe2 Kh7 40. Re7 Qc3 41. Qe4+ Kh8 42. Rxb7 Be3 43. Nh4 f3+ 44. Nxf3 Bg5 45. b5 axb5 46. axb5 Bf6 47. Ra7 Bd8 48. Ra8 Qf6 49. Qc6 Qf4 50. Qd5 Bb6 51. Rxf8+ Qxf8 52. Qc6 Qd8 53. Nd2 Bc7 54. Qd5 Qb8 55. Ne4 Qb6 56. Ng3 Bb8 57. Qf7 Ba7 58. Ne4 Bb8 59. g5 hxg5 60. Nxg5 1-0

[Event "RUS-chT Rapid (Women)"]
[Site "Sochi"]
[Date "2023.10.18"]
[Round "3.17"]
[White "Zhapova, Yana"]
[Black "Karmanova, Olga Dm"]
[Result "1/2-1/2"]
[WhiteElo "2110"]
[BlackElo "2141"]
[PlyCount "100"]
[EventDate "2023.10.18"]
[EventType "team-swiss (rapid)"]
[EventRounds "9"]
[EventCountry "RUS"]
[SourceTitle "Mega2024 Update 01"]
[Source "Chessbase"]
[SourceDate "2023.11.12"]
[SourceVersion "1"]
[SourceVersionDate "2023.11.12"]
[SourceQuality "1"]
[WhiteTeam "Novosibirsk Region (W)"]
[BlackTeam "St Petersburg SShOR (W) II"]
[WhiteTeamCountry "RUS"]
[BlackTeamCountry "RUS"]

1. e4 c6 2. d4 d5 3. e5 Bf5 4. h4 h5 5. Bd3 Bxd3 6. Qxd3 Qa5+ 7. Nd2 e6 8. Ngf3 Ne7 9. 0-0 Nf5 10. Nb3 Qa6 11. Qc3 Nd7 12. Bg5 Be7 13. Qd2 Bxg5 14. Qxg5 Qe2 15. Nbd2 Rc8 16. c4 Qd3 17. Rfe1 Nxd4 18. Nxd4 Qxd4 19. Qxg7 Rf8 20. Qg5 Qg4 21. Qe3 Rg8 22. g3 Qxh4 23. Rac1 Rd8 24. cxd5 cxd5 25. Rc7 Qb4 26. Rec1 h4 27. Nf1 hxg3 28. Nxg3 Qxb2 29. Qxa7 Qxe5 30. Qa3 f5 31. Kf1 f4 32. Re1 Qf6 33. Nh5 Qf5 34. Rc3 e5 35. Rh3 Kf7 36. Qf3 Nc5 37. Rc1 Ne6 38. Rh1 e4 39. Qb3 Rd7 40. Rd1 Qg5 41. Ke1 Qg2 42. Rf1 Rg5 43. Qb5 Rc7 44. Rxd5 Rxd5 45. Qxd5 Rc1+ 46. Kd2 Qxf1 47. Qd7+ Kg6 48. Qxe6+ Kxh5 49. Qf5+ Kh6 50. Qf6+ Kh7 1/2-1/2

[Event "RUS-chT Blitz (Women)"]
[Site "Sochi"]
[Date "2023.10.17"]
[Round "4.7"]
[White "Nur Mukhametova, Alisa"]
[Black "Zhapova, Yana"]
[Result "0-1"]
[WhiteElo "2133"]
[BlackElo "2110"]
[PlyCount "104"]
[EventDate "2023.10.17"]
[EventType "team-tourn (blitz)"]
[EventRounds "13"]
[EventCountry "RUS"]
[SourceTitle "Mega2024 Update 01"]
[Source "Chessbase"]
[SourceDate "2023.11.12"]
[SourceVersion "1"]
[SourceVersionDate "2023.11.12"]
[SourceQuality "1"]
[WhiteTeam "Tatarstan Ladya (W)"]
[BlackTeam "Novosibirsk Region (W)"]
[WhiteTeamCountry "RUS"]
[BlackTeamCountry "RUS"]

1. d4 d5 2. c4 e6 3. Nc3 Nf6 4. Nf3 c6 5. Bg5 Nbd7 6. e3 Qa5 7. Nd2 dxc4 8. Bxf6 Nxf6 9. Nxc4 Qc7 10. Bd3 Be7 11. 0-0 0-0 12. Rc1 Rd8 13. Qe2 Bd7 14. Rfd1 Be8 15. Bb1 c5 16. Ne5 Rac8 17. Ne4 Qb8 18. Nxf6+ Bxf6 19. Ng4 Be7 20. dxc5 f5 21. Rxd8 Rxd8 22. Qc2 Bg6 23. Ne5 Qxe5 24. h3 f4 25. Qe2 Bxb1 26. Rxb1 fxe3 27. fxe3 Bxc5 28. Re1 Qd5 29. Qg4 Qf5 30. Qc4 b6 31. Kh1 h6 32. e4 Qe5 33. b4 Bf8 34. Rf1 Kh8 35. a3 Qd6 36. Qb3 Qd7 37. Rf3 Qd1+ 38. Qxd1 Rxd1+ 39. Kh2 Kg8 40. h4 Bd6+ 41. Kh3 Be5 42. h5 Bf6 43. Kg4 Rd4 44. Re3 Kf7 45. Kf3 Bg5 46. Re2 Rd3+ 47. Kg4 Rxa3 48. Rc2 Bd8 49. Rf2+ Ke7 50. Rc2 Rd3 51. Rc4 a5 52. bxa5 bxa5 0-1

[Event "RUS-ch Rapid (Women)"]
[Site "Sochi"]
[Date "2023.10.16"]
[Round "10"]
[White "Styazhkina, Anna"]
[Black "Zhapova, Yana"]
[Result "0-1"]
[WhiteElo "2194"]
[BlackElo "2110"]
[PlyCount "68"]
[EventDate "2023.10.15"]
[EventType "swiss (rapid)"]
[EventRounds "11"]
[EventCountry "RUS"]
[SourceTitle "Mega2024 Update 01"]
[Source "Chessbase"]
[SourceDate "2023.11.12"]
[SourceVersion "1"]
[SourceVersionDate "2023.11.12"]
[SourceQuality "1"]

1. e4 e5 2. Nf3 Nc6 3. Bc4 Nf6 4. d3 Bc5 5. 0-0 d6 6. c3 a6 7. Bb3 Ba7 8. Nbd2 h6 9. Re1 0-0 10. h3 Re8 11. Nf1 Be6 12. Bc2 d5 13. exd5 Bxd5 14. Ng3 Qd6 15. Nf5 Qd7 16. N3h4 Bc5 17. Be3 Bf8 18. Qd2 Nh7 19. Ng3 Rad8 20. Rad1 Be6 21. a3 Be7 22. Nf3 f5 23. d4 e4 24. Nh2 Nf6 25. f3 Bd6 26. Bf2 e3 27. Rxe3 f4 28. Rxe6 fxg3 29. Rxf6 gxh2+ 30. Kh1 gxf6 31. Qxh6 Qg7 32. Bb3+ Kf8 33. Qh5 Re2 34. Bh4 Qxg2# 0-1

[Event "RUS-ch Rapid (Women)"]
[Site "Sochi"]
[Date "2023.10.15"]
[Round "3"]
[White "Zhapova, Yana"]
[Black "Yusupova, Adel"]
[Result "1/2-1/2"]
[WhiteElo "2110"]
[BlackElo "1640"]
[PlyCount "65"]
[EventDate "2023.10.15"]
[EventType "swiss (rapid)"]
[EventRounds "11"]
[EventCountry "RUS"]
[SourceTitle "Mega2024 Update 01"]
[Source "Chessbase"]
[SourceDate "2023.11.12"]
[SourceVersion "1"]
[SourceVersionDate "2023.11.12"]
[SourceQuality "1"]

1. e4 c5 2. Nf3 Nc6 3. d4 cxd4 4. Nxd4 Nf6 5. Nc3 e5 6. Ndb5 d6 7. Bg5 a6 8. Na3 b5 9. Nab1 Be7 10. Bxf6 Bxf6 11. a4 bxa4 12. Rxa4 0-0 13. Bc4 a5 14. Nd5 Bg5 15. 0-0 Rb8 16. b3 Kh8 17. Nbc3 f5 18. exf5 Bxf5 19. Bd3 Be6 20. Qh5 Bh6 21. Be4 Nd4 22. f4 Bd7 23. Rc4 Be8 24. Qh3 Bd7 25. Qd3 g6 26. fxe5 Rxf1+ 27. Qxf1 dxe5 28. Qe1 Rc8 29. Rxc8 Bxc8 30. Qg3 Qg5 31. Qxg5 Bxg5 32. g3 Bf5 33. Kf2 1/2-1/2

[Event "RUS-ch Blitz (Women)"]
[Site "Sochi"]
[Date "2023.10.14"]
[Round "5"]
[White "Kovanova, Baira"]
[Black "Zhapova, Yana"]
[Result "1-0"]
[WhiteElo "2306"]
[BlackElo "2110"]
[PlyCount "49"]
[EventDate "2023.10.14"]
[EventType "swiss (blitz)"]
[EventRounds "13"]
[EventCountry "RUS"]
[SourceTitle "Mega2024 Update 01"]
[Source "Chessbase"]
[SourceDate "2023.11.12"]
[SourceVersion "1"]
[SourceVersionDate "2023.11.12"]
[SourceQuality "1"]

1. e4 e5 2. Nf3 Nc6 3. Bb5 a6 4. Ba4 Nf6 5. 0-0 b5 6. Bb3 Bc5 7. d3 0-0 8. Be3 d6 9. Nc3 h6 10. Nd5 Be6 11. a4 Rb8 12. axb5 axb5 13. c3 Bxe3 14. Nxe3 Re8 15. Bxe6 Rxe6 16. Nf5 d5 17. Qe2 Kh7 18. Rfd1 g6 19. Ne3 Qd7 20. d4 Nxe4 21. dxe5 Nxe5 22. Nxd5 Nxf3+ 23. Qxf3 Qc6 24. Rd4 Nd6 25. Nf6+ 1-0

[Event "RUS-ch Blitz (Women)"]
[Site "Sochi"]
[Date "2023.10.14"]
[Round "2"]
[White "Styazhkina, Anna"]
[Black "Zhapova, Yana"]
[Result "1-0"]
[WhiteElo "2194"]
[BlackElo "2110"]
[PlyCount "63"]
[EventDate "2023.10.14"]
[EventType "swiss (blitz)"]
[EventRounds "13"]
[EventCountry "RUS"]
[SourceTitle "Mega2024 Update 01"]
[Source "Chessbase"]
[SourceDate "2023.11.12"]
[SourceVersion "1"]
[SourceVersionDate "2023.11.12"]
[SourceQuality "1"]

1. e4 e5 2. Nf3 Nc6 3. Bc4 Nf6 4. d3 Bc5 5. 0-0 d6 6. c3 a6 7. Bb3 Ba7 8. Nbd2 h6 9. Re1 0-0 10. h3 Re8 11. Nf1 Be6 12. Bc2 Ne7 13. Nh4 Qd7 14. Ng3 c6 15. Qf3 Kh7 16. Be3 Ng6 17. Nhf5 Ng8 18. Nh5 Bxf5 19. exf5 Nf8 20. Qg4 f6 21. d4 d5 22. dxe5 Rxe5 23. Bxa7 Rxe1+ 24. Rxe1 Rxa7 25. Nf4 Ra8 26. Ne6 Re8 27. Re3 Kh8 28. Rg3 Nxe6 29. fxe6 Rxe6 30. Bf5 Re1+ 31. Kh2 Qe8 32. Qxg7# 1-0

[Event "Satka Autumn (Women)"]
[Site "Satka"]
[Date "2023.09.05"]
[Round "8"]
[White "Zhapova, Yana"]
[Black "Charochkina, Daria"]
[Result "1/2-1/2"]
[WhiteElo "2110"]
[BlackElo "2312"]
[PlyCount "115"]
[EventDate "2023.08.29"]
[EventType "swiss"]
[EventRounds "9"]
[EventCountry "RUS"]
[SourceTitle "EXT 2024"]
[Source "ChessBase"]
[SourceDate "2023.10.10"]
[SourceVersion "1"]
[SourceVersionDate "2023.10.10"]
[SourceQuality "1"]

1. e4 c6 2. d4 d5 3. e5 Bf5 4. h4 h5 5. Bd3 Bxd3 6. Qxd3 Qa5+ 7. Nd2 e6 8. Ngf3 Nh6 9. 0-0 Nf5 10. Nb3 Qa6 11. Qc3 Nd7 12. Bg5 Rc8 13. Qd2 c5 14. c3 c4 15. Nc1 f6 16. Bf4 Be7 17. Ne2 fxe5 18. Bxe5 Nxh4 19. Nxh4 Nxe5 20. dxe5 Bxh4 21. Qc2 Rh6 22. Nd4 Qb6 23. f4 g6 24. Kh1 Be7 25. Qd2 Rh7 26. b4 cxb3 27. axb3 Bc5 28. Nf3 Be7 29. Nd4 Bc5 30. Nf3 Be7 31. Qd3 Rg7 32. b4 a6 33. Nd4 Rc4 34. Rad1 Bf8 35. Rf3 h4 36. Rff1 Be7 37. Rd2 Kf8 38. Rdf2 Ke8 39. Rd2 a5 40. bxa5 Qa6 41. Rb1 Bc5 42. Qh3 Bxd4 43. cxd4 Rcc7 44. Rdb2 Rge7 45. Rb6 Qc4 46. Rxe6 Qxd4 47. Rxe7+ Rxe7 48. Qc8+ Kf7 49. Rb6 Rxe5 50. Rxb7+ Re7 51. Rxe7+ Kxe7 52. Qc7+ Kf8 53. Qd6+ Kf7 54. Qe5 Qd3 55. Qc7+ Ke8 56. Qd6 h3 57. Qe6+ Kf8 58. Qf6+ 1/2-1/2

[Event "RUS-ch Higher League (Women) 73rd"]
[Site "Novokuznetsk"]
[Date "2023.07.04"]
[Round "8"]
[White "Shafigullina, Zarina"]
[Black "Zhapova, Yana"]
[Result "1/2-1/2"]
[WhiteElo "2137"]
[BlackElo "2111"]
[PlyCount "30"]
[EventDate "2023.06.26"]
[EventType "swiss"]
[EventRounds "9"]
[EventCountry "RUS"]
[SourceTitle "EXT 2024"]
[Source "ChessBase"]
[SourceDate "2023.10.10"]
[SourceVersion "1"]
[SourceVersionDate "2023.10.10"]
[SourceQuality "1"]

1. d4 Nf6 2. c4 e6 3. Nf3 d5 4. g3 dxc4 5. Bg2 c5 6. 0-0 Nc6 7. dxc5 Qxd1 8. Rxd1 Bxc5 9. Nbd2 c3 10. bxc3 0-0 11. Nb3 Be7 12. Nfd4 Nxd4 13. cxd4 Nd5 14. Bb2 Bd7 15. e4 Nb6 1/2-1/2

[Event "RUS-ch Higher League (Women) 73rd"]
[Site "Novokuznetsk"]
[Date "2023.07.03"]
[Round "7"]
[White "Zhapova, Yana"]
[Black "Shestakova, Ekaterina"]
[Result "1/2-1/2"]
[WhiteElo "2111"]
[BlackElo "1932"]
[PlyCount "55"]
[EventDate "2023.06.26"]
[EventType "swiss"]
[EventRounds "9"]
[EventCountry "RUS"]
[SourceTitle "EXT 2024"]
[Source "ChessBase"]
[SourceDate "2023.10.10"]
[SourceVersion "1"]
[SourceVersionDate "2023.10.10"]
[SourceQuality "1"]

1. e4 c5 2. Nf3 Nc6 3. Bb5 g6 4. 0-0 Bg7 5. d3 Nf6 6. Bxc6 dxc6 7. Re1 Bg4 8. Nbd2 e5 9. Nc4 Bxf3 10. Qxf3 Qc7 11. Be3 Nd7 12. Qg3 0-0 13. Kh1 b6 14. f4 b5 15. Nd2 f5 16. Rf1 Rae8 17. Qh3 exf4 18. Bxf4 Ne5 19. exf5 Rxf5 20. Ne4 Qe7 21. Be3 Rxf1+ 22. Rxf1 c4 23. Bc5 Qe6 24. Qxe6+ Rxe6 25. Ng5 Re8 26. Re1 cxd3 27. cxd3 Rd8 28. Ne6 1/2-1/2

[Event "RUS-ch Higher League (Women) 73rd"]
[Site "Novokuznetsk"]
[Date "2023.06.29"]
[Round "4"]
[White "Badelka, Olga"]
[Black "Zhapova, Yana"]
[Result "1-0"]
[WhiteElo "2397"]
[BlackElo "2111"]
[PlyCount "45"]
[EventDate "2023.06.26"]
[EventType "swiss"]
[EventRounds "9"]
[EventCountry "RUS"]
[SourceTitle "EXT 2024"]
[Source "ChessBase"]
[SourceDate "2023.10.10"]
[SourceVersion "1"]
[SourceVersionDate "2023.10.10"]
[SourceQuality "1"]

1. Nf3 d5 2. g3 c5 3. Bg2 Nc6 4. d4 e6 5. 0-0 Nf6 6. c4 dxc4 7. Qa4 Bd7 8. Qxc4 b5 9. Qd3 c4 10. Qd1 Rc8 11. Ne5 Be7 12. a4 a6 13. axb5 axb5 14. Nc3 Nxe5 15. dxe5 Ng4 16. Ne4 Nxe5 17. Bf4 Qc7 18. Qd4 f6 19. Rfd1 Bc6 20. Ra7 Qb8 21. Nxf6+ Bxf6 22. Bxc6+ Rxc6 23. Bxe5 1-0

[Event "EU-ch (Women) 23rd"]
[Site "Petrovac"]
[Date "2023.03.26"]
[Round "8"]
[White "Zhapova, Yana"]
[Black "Pogorelskikh, Sofia"]
[Result "1/2-1/2"]
[WhiteElo "2269"]
[BlackElo "2102"]
[PlyCount "135"]
[EventDate "2023.03.18"]
[EventType "swiss"]
[EventRounds "11"]
[EventCountry "MNE"]
[SourceTitle "CBM 213 Extra"]
[Source "ChessBase"]
[SourceDate "2023.05.31"]
[SourceVersion "1"]
[SourceVersionDate "2023.05.31"]
[SourceQuality "1"]

1. e4 c5 2. Nf3 Nc6 3. Bb5 g6 4. 0-0 Bg7 5. d3 Nf6 6. Bxc6 bxc6 7. h3 0-0 8. e5 Nd5 9. Nbd2 d6 10. Nc4 Nb6 11. Bf4 d5 12. Na5 Na4 13. b4 Qb6 14. a3 Nc3 15. Qe1 cxb4 16. axb4 d4 17. Bd2 Nb5 18. Nb3 Be6 19. Nc5 Qc7 20. Nxe6 fxe6 21. Ng5 Qxe5 22. Nxe6 Rf5 23. g4 Rf3 24. Qxe5 Bxe5 25. Rfe1 Bd6 26. Kg2 Rf7 27. Ra6 Rc8 28. Re4 Rf6 29. Nxd4 Nxd4 30. Rxd4 c5 31. Rc4 Rcf8 32. Be3 cxb4 33. Rxa7 Rb8 34. Ra6 b3 35. cxb3 Rxb3 36. d4 Rf8 37. Bh6 Rfb8 38. Rac6 Kf7 39. Rc8 Ke6 40. Be3 Rxc8 41. Rxc8 Rb8 42. Rc2 h5 43. Kf3 Kd5 44. Ra2 Rf8+ 45. Ke2 hxg4 46. hxg4 Rb8 47. Ra5+ Ke6 48. Kd3 Kf7 49. Ke4 Rb1 50. Ra8 Rb8 51. Ra1 Rh8 52. Rb1 Rh4 53. f3 Rh8 54. Bd2 Rh2 55. Ba5 Re2+ 56. Kd3 Rf2 57. Ke3 Rc2 58. Bb6 g5 59. Rb3 Rc1 60. Ke4 Bf4 61. Ba5 Rc2 62. Rb7 Re2+ 63. Kf5 Re6 64. Bb4 Re2 65. Bc5 Re6 66. Ba7 Re3 67. Bc5 Re2 68. Ba7 1/2-1/2